Catálogo
 En Linea

El lenguaje del olvido / (Registro nro. 49933)

Detalles MARC
000 -CABECERA
campo de control de longitud fija 00878nam a2200265 4500
003 - IDENTIFICADOR DEL NÚMERO DE CONTROL
campo de control DO-SdBNP
005 - FECHA Y HORA DE LA ÚLTIMA TRANSACCIÓN
campo de control 20220412133732.0
007 - CAMPO FIJO DE DESCRIPCIÓN FÍSICA--INFORMACIÓN GENERAL
campo de control de longitud fija ta
008 - DATOS DE LONGITUD FIJA--INFORMACIÓN GENERAL
campo de control de longitud fija 210616b2017 dr 0 eng d s spfspa
020 #4 - NÚMERO INTERNACIONAL ESTÁNDAR DEL LIBRO
Número Internacional Estándar del Libro 9789945608038
040 #4 - FUENTE DE LA CATALOGACIÓN
Centro catalogador/agencia de origen DO-SdBNP
Lengua de catalogación spa
Centro/agencia transcriptor BNPHU
082 #4 - NÚMERO DE LA CLASIFICACIÓN DECIMAL DEWEY
Número de clasificación PR863.44
Número de documento/Ítem R788L
Número de edición 22
100 #1 - ENTRADA PRINCIPAL--NOMBRE DE PERSONA
9 (RLIN) 22869
Nombre de persona Rosa Vélez, Ángel Luis,
Fechas asociadas al nombre 1950-
245 13 - MENCIÓN DE TÍTULO
Título El lenguaje del olvido /
Mención de responsabilidad, etc. Ángel Luis Rosa Vélez.
260 ## - PUBLICACIÓN, DISTRIBUCIÓN, ETC.
Lugar de publicación, distribución, etc. San Juan, Puerto Rico :
Nombre del editor, distribuidor, etc. Isla Negra,
Fecha de publicación, distribución, etc. 2017.
300 ## - DESCRIPCIÓN FÍSICA
Extensión 169 p. :
Dimensiones 21 cm.
490 ## - MENCIÓN DE SERIE
Mención de serie La montaña de papel
500 ## - NOTA GENERAL
Nota general Incluye datos biográficos del autor en la solapa de la cubierta.
590 ## - NOTA LOCAL (RLIN)
Nota local Inventariado, 2021 / SA
650 #4 - PUNTO DE ACCESO ADICIONAL DE MATERIA--TÉRMINO DE MATERIA
Término de materia o nombre geográfico como elemento de entrada Novela puertorriqueña
9 (RLIN) 1185
650 #4 - PUNTO DE ACCESO ADICIONAL DE MATERIA--TÉRMINO DE MATERIA
Término de materia o nombre geográfico como elemento de entrada Literatura puertorriqueña
9 (RLIN) 79483
830 #0 - PUNTO DE ACCESO ADICIONAL DE SERIE-TÍTULO UNIFORME
Número de parte o sección de la obra La montaña de papel
9 (RLIN) 78867
910 ## - DATOS DE OPCIÓN DEL USUARIO (OCLC)
Datos de opción del usuario Validado MFF/Validado. Control de calidad MFF
942 ## - ELEMENTOS DE PUNTO DE ACCESO ADICIONAL (KOHA)
Fuente del sistema de clasificación o colocación Dewey Decimal Classification
Tipo de ítem Koha Libro
Existencias
Estado de retiro Estado de pérdida Fuente del sistema de clasificación o colocación Restricciones de uso No para préstamo Código de colección Localización permanente Ubicación/localización actual Ubicación en estantería Fecha de adquisición Fuente de adquisición Total de préstamos Signatura topográfica completa Código de barras Fecha visto por última vez Número de copia Precio válido a partir de Tipo de ítem Koha
    Dewey Decimal Classification Préstamo en sala   General Biblioteca Nacional Pedro Henríquez Ureña Biblioteca Nacional Pedro Henríquez Ureña Depósito 16.06.2021 Deposito Legal   BNPHU GR PR863.44 R788L 2021-2073 16.06.2021 e.3 16.06.2021 Libro
    Dewey Decimal Classification Préstamo en sala   General Biblioteca Nacional Pedro Henríquez Ureña Biblioteca Nacional Pedro Henríquez Ureña Depósito 16.06.2021 Deposito Legal   BNPHU GR PR863.44 R788L 2021-2071 16.06.2021   16.06.2021 Libro
    Dewey Decimal Classification Préstamo en sala   General Biblioteca Nacional Pedro Henríquez Ureña Biblioteca Nacional Pedro Henríquez Ureña Depósito 16.06.2021 Deposito Legal   BNPHU GR PR863.44 R788L 2021-2072 16.06.2021 e.2 16.06.2021 Libro

Con tecnología Koha